• 首页
  • 本馆介绍
  • 公告通知
  • 最新文献
  • 馆藏检索
  • 电子资源
  • 读者导购
  • 参考咨询
  • 我的图书馆
  • 登录
  • 详细信息显示
  • 放入我的书架
  • 预约/预借图书
  • 作者相关作品
  • 分类相关作品
  • 丛书相关作品
  • 出版社相关作品

书目信息

  • 表格格式
  • 工作单格式
  • 卡片格式
题名:
走出华尔街风暴
    
 
作者: ;中央电视台经济频道 编著
分册:  
出版信息: 北京   北京大学出版社  2009
页数: 168页
开本: 25cm
丛书名:
单 册:
中图分类: F837.125.9 , F124
科图分类:
主题词: 金融危机--研究--美国 , 经济发展--研究--中国 , 金融危机 , 经济发展
电子资源:
ISBN: 978-7-301-14937-9
000 01081nam0 2200289 45
001 1034557128
005 20100319083756.90
010    @a978-7-301-14937-9@dCNY28.00
100    @a20100311d2009 em y0chiy50 ea
101 0  @achi
102    @aCN@b110000
105    @aa z 000yy
106    @ar
200 1  @a走出华尔街风暴@AZou Chu Hua Er Jie Feng Bao@e应对全球性衰退的中国策略@EYing Dui Quan Qiu Xing Shuai Tui De Zhong Guo Ce Lue@f央视经济频道编著@FYang Shi Jing Ji Pin Dao Bian Zhu
210    @a北京@c北京大学出版社@d2009
215    @a168页@c彩照@d25cm
330    @a本书包括:危机中的中国经济走向何方、世界经济对中国的期望、中国经济的应对方案等内容。
517 1  @a应对全球性衰退的中国策略@AYing Dui Quan Qiu Xing Shuai Tui De Zhong Guo Ce Lue
606 0  @a金融危机@x研究@y美国
606 0  @a经济发展@x研究@y中国
606 0  @a金融危机
606 0  @a经济发展
690    @aF837.125.9@v4
690    @aF124@v4
711 0  @a中央电视台经济频道@AZhong Yang Dian Shi Tai Jing Ji Pin Dao@4编著
801  0 @aCN@bTANGWEI@c20100319
905    @b0586234-36@dF837.125.9@e21@f3
    
    走出华尔街风暴:应对全球性衰退的中国策略/央视经济频道编著.-北京:北京大学出版社,2009
    168页:彩照;25cm
    
    
    ISBN 978-7-301-14937-9:CNY28.00
    本书包括:危机中的中国经济走向何方、世界经济对中国的期望、中国经济的应对方案等内容。
●
相关链接 在E读中查询图书 在五车中查询图书 在当当中查询图书 在豆瓣中查询图书


正题名:走出华尔街风暴     索取号:F837.125.9/21         预约/预借

序号 登录号 条形码 馆藏地/架位号 状态 备注
1 0586234   205862342   第一样本阅览室/ [索取号:F837.125.9/21] 在馆    
2 0586235   205862351   第一借阅区/ [索取号:F837.125.9/21] 在馆    
3 0586236   205862360   密集书库-海洋学院/ [索取号:F837.125.9/21] 在馆    
唐山师范学院图书馆 欢迎您!
大连网信软件有限公司© 版权所有